Normal view
MARC view
- Pany, Kurt,
Entry Personal Name
001 - CONTROL NUMBER
- control field: 45415
003 - CONTROL NUMBER IDENTIFIER
- control field: OSt
005 - DATE AND TIME OF LATEST TRANSACTION
- control field: 20220606145419.0
008 - FIXED-LENGTH DATA ELEMENTS
- fixed length control field: 220606|| aca||aabn | a|a d
040 ## - CATALOGING SOURCE
- Original cataloging agency: OSt
- Transcribing agency: OSt
100 ## - HEADING--PERSONAL NAME
- Personal name: Pany, Kurt,
- Relator term: author
670 ## - SOURCE DATA FOUND
- Source citation: Work cat.: (OSt): Whittington, O. Ray, author 45413, Principles of auditing and other assurance services/, 2022.
